Music Quiz

Random Music or Song Quiz
Score 0/40 Timer 07:00
2 Plays Today
Song Band % Correct
We Will Rock YouQueen
89%
Smells Like Teen SpiritNirvana
88.7%
Dancing QueenAbba
82.8%
Don't Stop Believin'Journey
80%
WonderwallOasis
78.7%
Enter SandmanMetallica
75%
ClocksColdplay
66.4%
How You Remind MeNickelback
64.1%
Buddy HollyWeezer
63.5%
Rock and Roll All NiteKISS
62.8%
Sweet EmotionAerosmith
62.5%
More Than a FeelingBoston
60.8%
Drops of JupiterTrain
58.9%
Black Magic WomanSantana
58.9%
Are You Gonna Be My GirlJet
58.1%
TubthumpingChumbawamba
53.9%
Dust In The WindKansas
51.5%
Freak on a LeashKorn
50.1%
Black Hole SunSoundgarden
49.6%
Come Sail AwayStyx
48.1%
Song Band % Correct
Tom SawyerRush
47.9%
Here I Go AgainWhitesnake
44.7%
Call MeBlondie
41.6%
My ImmortalEvanescence
41.4%
Karma PoliceRadiohead
40.5%
A Horse with No NameAmerica
40.1%
White RoomCream
40%
Talk Dirty to MePoison
39.5%
Magic Carpet RideSteppenwolf
38.2%
Hanging by a MomentLifehouse
38.1%
Hot BloodedForeigner
36.6%
My Own PrisonCreed
29.9%
Invisible TouchGenesis
29.4%
Father of MineEverclear
28.5%
I AloneLive
25.7%
Only Happy When It RainsGarbage
24.9%
If You Leave Me NowChicago
24.5%
These DreamsHeart
21.4%
SoberTool
15.9%
Tell Me Something GoodRufus
6.3%
Come Together.
Have Fun.
All Virtual.
We all need to come together. Play Sporcle's virtual live trivia to have fun, connect with people, and get your trivia on. Join a live hosted trivia game for your favorite pub trivia experience done virtually. If a virtual private party is more your thing, go here for details.

You're not logged in!

Compare scores with friends on all Sporcle quizzes.
OR
Log In

Sporcle TV

Today on Sporcle TV


Watch our educational content, quiz creation guides, and fun videos on Sporcle TV.

Show Comments

Extras

Top Quizzes Today


Score Distribution

Paid Content

Your Account Isn't Verified!

In order to create a playlist on Sporcle, you need to verify the email address you used during registration. Go to your Sporcle Settings to finish the process.

Report this User

Report this user for behavior that violates our Community Guidelines.

Details: